000 01106cad a22001935a 4500
001 E151960
008 110117q2009 xxk f 000 0 eng d
035 _a(Sirsi) u151960
041 0 _aeng
110 2 _aRoyal Institution of Chartered Surveyors
_94900
245 0 0 _aValuation in a declining market (global)
_h[electronic resource]
260 _a[London]
_bRICS
_c[2009?]
520 _aRICS position paper on valuation in a declining market. The valuation of property assets in the declining market is unusually challenging because of the reduction in the number of comparable transactions in a rapidly declining economic climate. To maintain valuation standards, RICS reinforced the principles set out in Guidance Note 5 (GN5) of its Red Book in March 2009, which defines and outlines recommendations on how to tackle valuation uncertainty.
590 _aKA
651 4 _aUnited Kingdom
_y
690 _aPROPERTY-PROPERTY APPRAISAL AND VALUATION
856 4 0 _uhttps://www.rics.org/Global/Downloads/2009_valuation_in_a_declining_market.pdf
_zView the item free of charge at www.rics.org
942 _n0
999 _c111761
_d111761